| 000 | 01030nam a22003137a 4500 | ||
|---|---|---|---|
| 003 | CHAP | ||
| 005 | 20220329141117.0 | ||
| 008 | 971014s1967 r 00010 d | ||
| 010 | _a62722 | ||
| 011 | _a63694 | ||
| 035 | _a67871 | ||
| 040 | _cCHAP | ||
| 090 | _aTesis | ||
| 100 | 0 | 0 |
_aRomero Rosales, Felipe. _999662 |
| 245 | _aEfecto de las radiaciones gamma en el gorgojo del arroz (Sitophilus oryzae L.) observaciones preliminares | ||
| 260 |
_aChapingo, Méx. : _bEl autor, _c1967 |
||
| 300 |
_a64 h. _b: ilus. |
||
| 502 | _aTesis (M. C.) -- ENA. Colegio de Postgraduados | ||
| 590 |
_aALEPH _b10 _c20130110 _lUCH01 _h1346 |
||
| 590 |
_aBATCH-UPD _b10 _c20130110 _lUCH01 _h2038 |
||
| 590 |
_aCONVERSION _b10 _c20130109 _lUCH01 _h1334 |
||
| 650 | 1 | 4 |
_aRayos gamma para control de insectos. _994862 |
| 650 | 1 | 4 |
_aSitophilus oryza. _9106789 |
| 901 | _aBK | ||
| 942 | _cFOLL | ||
| 949 |
_bBC _cTES _d-154370 _eTS1 _i67871 _si |
||
| 949 |
_bBC _cTES _d-154371 _eTS2 _fc.2 _i67871 _si |
||
| 949 |
_bBC _cTES _d-154372 _eTS2 _fc.3 _i67871 _si |
||
| 999 |
_c62722 _d62722 |
||